| 000 | 00902nam a22001577a 4500 | ||
|---|---|---|---|
| 003 | OSt | ||
| 005 | 20151030154605.0 | ||
| 008 | 151030b xxu||||| |||| 00| 0 eng d | ||
| 040 | _cRUA | ||
| 082 | _aATM.s CHHA 2004 B057 Or.1 | ||
| 100 |
_93073 _aCHHAY, SOTHEARY. |
||
| 245 | _aAstudy on the effetc of using different crop protection methods (biological chemical pesticides and net) to control insect pesticides on chinese kale in kandal province, ការសិក្សាពីប្រសិទ្ធភាពនៃវិធីសាស្រ្តការពារដំណាំដោយប្រើថ្នាំជីវសាស្រ្ត ថ្នាំគីមី និងសំណាញ់ទៅលើដំណាំខាត់ណាឈើ ក្នុងខេត្តកណ្ដាល | ||
| 260 |
_aPhnom Penh _bRUA _c2004 |
||
| 300 |
_axi, 47p. _bill. _c29cm. |
||
| 942 |
_2ddc _cATMSP |
||
| 999 |
_c2865 _d2865 |
||